书目信息 |
| 题名: |
电视:影像的重述世界
|
|
| 作者: | 南野 著 | |
| 分册: | ||
| 出版信息: | 北京 中国传媒大学出版社 2006.12 |
|
| 页数: | 226页 | |
| 开本: | 21cm | |
| 丛书名: | 影视学术前沿 | |
| 单 册: | ||
| 中图分类: | G229.2 | |
| 科图分类: | ||
| 主题词: | 电视--传播媒介--研究--中国 , 电视 , 传播媒介 | |
| 电子资源: | ||
| ISBN: | 7-81085-685-5 | |
| 000 | 01019oam2 2200301 45 | |
| 001 | 1360518124 | |
| 005 | 20130603084438.25 | |
| 010 | @a7-81085-685-5@dCNY23.80 | |
| 100 | @a20130513d2006 em y0chiy0110 ea | |
| 101 | 0 | @achi |
| 102 | @aCN@b110000 | |
| 105 | @aa z 000yy | |
| 106 | @ar | |
| 200 | 1 | @a电视:影像的重述世界@ADian Shi: Ying Xiang De Zhong Shu Shi Jie@dTelevision images@f南野著@FNan Ye Zhu@zeng |
| 210 | @a北京@c中国传媒大学出版社@d2006.12 | |
| 215 | @a226页@c图@d21cm | |
| 225 | 2 | @a影视学术前沿 |
| 300 | @a浙江省广播电视艺术学重点学科资助项目 | |
| 330 | @a全书共十四章。内容包括:人本电视的概念;电视平面叙述的终结话语;电视传播深化的历史趋势;电视权力与文化构图;当代电视新闻的视点剖析等。 | |
| 461 | 0 | @12001 @a影视学术前沿 |
| 510 | 1 | @aTelevision images@zeng |
| 606 | 0 | @a电视@x传播媒介@x研究@y中国 |
| 606 | 0 | @a电视 |
| 606 | 0 | @a传播媒介 |
| 690 | @aG229.2@v5 | |
| 701 | 0 | @a南野@ANan Ye@c(传媒)@4著 |
| 801 | @aCN@bTANGWEI@c20130522 | |
| 905 | @b0834587-89@dG229.2@e148@f3 | |
| 电视:影像的重述世界=Television images/南野著.-北京:中国传媒大学出版社,2006.12 |
| 226页:图;21cm.-(影视学术前沿) |
| 浙江省广播电视艺术学重点学科资助项目 |
| ISBN 7-81085-685-5:CNY23.80 |
| 全书共十四章。内容包括:人本电视的概念;电视平面叙述的终结话语;电视传播深化的历史趋势;电视权力与文化构图;当代电视新闻的视点剖析等。 |
| ● |
| 相关链接 |
|
|
|
|
正题名:电视:影像的重述世界
索取号:G229.2/148
 
预约/预借
| 序号 | 登录号 | 条形码 | 馆藏地/架位号 | 状态 | 备注 |
| 1 | 0834587 | 208345879 | 第四借阅区/ [索取号:G229.2/148] | 在馆 | |
| 2 | 0834588 | 208345888 | 第一样本阅览室/ [索取号:G229.2/148] | 在馆 | |
| 3 | 0834589 | 208345897 | 第四借阅区/ [索取号:G229.2/148] | 在馆 |